000 00385nam a22001577a 4500
999 _c532076
_d532076
003 NUST
005 20191107125745.0
008 191107b ||||| |||| 00| 0 eng d
038 _aMSOHAIL
082 _a0
100 _aMolvi Muhammad Zaka Ullah
_925376
245 _aJalaluddin Muhammad Akbar
260 _aLahore
_bMushtaq Book Corner
_c2011
300 _ap;800
942 _2ddc
_cBK